000 01325nam a2200337 i 4500
001 13194
003 KOSZ 005
005 20220118082318.0
008 071029s1968 pl a f 001 0 pol
015 _aPB 1968/4958
040 _aWA N
_cWA N
_dKOSZ 005/RW
041 1 _apol
_hrus
080 _a621.313.078
100 1 _aBašarin, Artemij Vasilevič
_eAutor
245 1 0 _aObliczanie zautomatyzowanych napędów elektrycznych /
_c A. W. Baszarin, F. N. Gołubiew, W. G. Kepperman ; tł. z ros. Adolf Zelenay.
246 1 _iTyt. oryg.:
_a Primery rasčetov avtomatizirovannogo èlektroprivoda.
260 _aWarszawa :
_bWydawnictwa Naukowo-Techniczne,
_c1968.
300 _a378, [2] strony :
_bilustracje ;
_c25 cm.
336 _aTekst
_btxt
_2rdacontent
337 _aBez urządzenia pośredniczącego
_bn
_2rdamedia
338 _aWolumin
_bnc
_2rdacarrier
380 _aKsiążki.
504 _aBibliografia na stronie [370]. Indeks.
650 4 _aNapęd elektryczny
700 1 _aGolubev, F. N.
_eAutor
700 1 _aKepperman, V. G.
_eAutor
710 2 _aWydawnictwa Naukowo-Techniczne
_4pbl.
700 1 _aZelenay, Adolf
_eTłumaczenie
856 _uhttp://koha.tu.koszalin.pl/cgi-bin/koha/opac-detail.pl?biblionumber=13194
_yKatalog online BPK
942 _2UKD
_cKS
999 _c13194
_d13194